| 000 -CABECERA |
| Longitud fija campo de control |
00549nam a2200157 a 4500 |
| 001 - NÚMERO DE CONTROL |
| Número de control |
433 |
| 003 - IDENTIFICADOR DEL NÚMERO DE CONTROL |
| Identificador del número de control |
CDMR |
| 005 - FECHA Y HORA DE LA ÚLTIMA TRANSACCIÓN |
| Fecha y hora de la última transacción |
20131210165731.0 |
| 008 - CÓDIGOS DE INFORMACIÓN DE LONGITUD FIJA |
| Códigos de información de longitud fija |
130130s1971||||||||||||||||||||||||||||d |
| 040 ## - FUENTE DE LA CATALOGACIÓN |
| Centro catalogador de origen |
CDMR |
| Lengua de catalogación |
cat |
| Centro transcriptor |
CDMR |
| 110 2# - PUNTO DE ACCESO PRINCIPAL-NOMBRE DE ENTIDAD CORPORATIVA |
| Nombre de entidad corporativa o nombre de jurisdicción como elemento inicial |
Centro Internacional de Estudios Superiores de Comunicación para América Latina |
| 9 (RLIN) |
307 |
| 245 10 - MENCIÓN DE TÍTULO |
| Título |
Centro de Documentación de la Investigación de la Comunicación Colectiva |
| Resto del título |
: informe del proyecto piloto para América Latina, España y Portugal |
| 260 ## - PUBLICACIÓN, DISTRIBUCIÓN, ETC. (PIE DE IMPRENTA) |
| Lugar de publicación, distribución, etc. |
Quito |
| Fecha de publicación, distribución, etc. |
1971 |
| Nombre del editor, distribuidor, etc. |
CIESPAL |
| 300 ## - DESCRIPCIÓN FÍSICA |
| Dimensiones |
26 cm |
| 942 ## - ENTRADA DE ELEMENTOS AGREGADOS (KOHA) |
| Koha [por defecto] tipo de item |
Monografies |
| Fuente de clasificaión o esquema |
|